Normal view MARC view
  • Asif Rehman, Mahrukh

Entry Personal Name

Number of records used in: 1

001 - CONTROL NUMBER

  • control field: 18241

003 - CONTROL NUMBER IDENTIFIER

  • control field: NUST

005 - DATE AND TIME OF LATEST TRANSACTION

  • control field: 20190721114215.0

008 - FIXED-LENGTH DATA ELEMENTS

  • fixed length control field: 190721|| aca||aabn | a|a d

040 ## - CATALOGING SOURCE

  • Original cataloging agency: NUST
  • Transcribing agency: NUST

100 ## - HEADING--PERSONAL NAME

  • Personal name: Asif Rehman, Mahrukh

670 ## - SOURCE DATA FOUND

  • Source citation: Work cat.: (NUST): Asif Rehman, Mahrukh, Institutional Barriers to the Successful Implementation of HRD Policies and Practices in the Telecom(Cellular) Sector of Pakistan /, 2016.
© 2023 Central Library, National University of Sciences and Technology. All Rights Reserved.